000 00332nam a22001457a 4500
003 OSt
005 20160727222347.0
008 160621b xxu||||| |||| 00| 0 eng d
040 _cTest
100 _9292
_aWhite, E. B
245 _aSt.Vart Little
260 _aN.Y
_b Harper Collins
_c1973
300 _aSt.Vart Little
942 _2ddc
_cBK
999 _c238
_d238